How Did ____Die? - Statistics

General Stats
  • This quiz has been taken 88 times
  • The average score is 6 of 15
Answer Stats
Hint Answer % Correct
Jack Sparrow Eaten by the Kraken
70%
Green Goblin Impaled by his glider
69%
Vito Corleone Heart attack
55%
Mrs. Bates Killed and taxidermized by her son
53%
Harry Houdini Appendicitis
52%
Jack Torrance Froze in a hedge maze
52%
Doc Brown Shot by the Libyans
42%
Jim Moriarty Shot himself
42%
Dee Dee Ramone Heroin overdose
38%
Auric Goldfinger Sucked out of his plane
36%
George Washington Epiglottitis/blood letting
33%
William Henry Harrison Pneumonia
31%
Franklin D. Roosevelt Stroke
31%
Arnold Toht Face melted
27%
Joey Ramone Lymphoma
6%
No matching quizzes found
Score Distribution
Percent of People with Each Score
Percentile by Number Answered
Your Score History
You have not taken this quiz